| 000 | 00489nam a2200169Ia 4500 | ||
|---|---|---|---|
| 003 | OSt | ||
| 005 | 20200625120157.0 | ||
| 008 | 190216s9999||||xx |||||||||||||| ||und|| | ||
| 040 | _coclc | ||
| 082 |
_a954 _bPYL/A |
||
| 100 |
_aPylee, A A _93232 |
||
| 245 | 0 |
_aAyiratti Ennootti Anpattezhile Indian Lehala / _cA A Pylee |
|
| 260 |
_bKerala Bhasha Institute, _c1981. _aTrivandrum: |
||
| 300 | _a185p | ||
| 650 | _aHistory | ||
| 942 |
_cBK _2ddc _h954 _iPYL/A _k954 _mPYL/A |
||
| 999 |
_c19404 _d19404 |
||